000 00747nam a2200289Ia 4500
005 20260324133247.0
008 008 260324s9999 xx 000 0 eng d
020 _a9780429206054
037 _aEBOOK
040 _aCRL
040 _beng
040 _cCRL
041 _2eng
041 _aeng
084 _qCRL
100 _aRichard Ashford; William Crewe
_91192407
245 0 _aParasites of Homo sapiens
245 3 _bAn Annotated Checklist of the Protozoa, Helminths and Arthropods for which we are Home
260 _bTaylor and Francis
260 _c2003
365 _a
365 _b240
856 _uhttp://www.taylorfrancis.com/books/9780429206054
942 _cEBOOK
999 _c1791292
_d1791292